书目信息 |
| 题名: |
汉字正字小字汇
|
|
| 作者: | ;《汉字正字小字汇》编辑组 编 | |
| 分册: | ||
| 出版信息: | 北京 文字改革出版社 1966 |
|
| 页数: | 1册 | |
| 开本: | 13cm | |
| 丛书名: | ||
| 单 册: | ||
| 中图分类: | H16 | |
| 科图分类: | ||
| 主题词: | 汉语--词典学 | |
| 电子资源: | ||
| ISBN: | ||
| 000 | 00662nam0 2200217 450 | |
| 001 | 0655459281 | |
| 005 | 20060726152805.67 | |
| 010 | @dCNY0.28 | |
| 100 | @a20060726d1966 km y0chiy0120 ea | |
| 101 | 0 | @achi |
| 102 | @aCN@b110000 | |
| 102 | @aCN@b110000 | |
| 200 | 1 | @a汉字正字小字汇@Ahan zi zheng zi xiao zi hui@f《汉字正字小字汇》编辑组编@F《han zi zheng zi xiao zi hui》bian ji zu bian |
| 205 | @a初稿 | |
| 210 | @a北京@c文字改革出版社@d1966 | |
| 215 | @a1册@d13cm | |
| 606 | 0 | @a汉语@x词典学 |
| 690 | @aH16@v3 | |
| 711 | 0 | @a《汉字正字小字汇》编辑组@A《han zi zheng zi xiao zi hui》bian ji zu@4编 |
| 801 | 0 | @aCN@bPFT@c20060726 |
| 905 | @a10447@dH16@e144 | |
| 汉字正字小字汇/《汉字正字小字汇》编辑组编.-初稿.-北京:文字改革出版社,1966 |
| 1册;13cm |
| ISBN :CNY0.28 |
| ● |
| 相关链接 |
|
|
|
|
正题名:汉字正字小字汇
索取号:H16/144
 
预约/预借
| 序号 | 登录号 | 条形码 | 馆藏地/架位号 | 状态 | 备注 |
| 1 | 0436468 | 204364687 | 密集书库/ [索取号:H16/144] | 在馆 |